000
00311nam a22001337a 4500
008
170622b xxu||||| |||| 00| 0 eng d
020
_a
9780871877277
041
_a
eng
080
_a
32
100
_a
20
101
_a
SHP
245
_a
AMERICAN FOREIGN POLICY SINCE WORLD WAR II
_c
SPANIER, J
942
_2
udc
_c
BK
999
_c
18755
_d
18755